| 000 | 00672nam a2200169 i 4500 | ||
|---|---|---|---|
| 001 | 145538 | ||
| 003 | ES-MaACL | ||
| 005 | 20230906201243.0 | ||
| 007 | t| | ||
| 008 | 071015s1917 sp ||||1| spa d | ||
| 100 | 1 |
_aVentosa, Vicente. _9113909 |
|
| 245 | 1 | 0 | _aReflexiones acerca de la resolución de ecuaciones algébricas numéricas por el método Gräffe / por Vicente Ventosa. |
| 260 |
_aMadrid : _b[s.n.], _c1917 ( _fImp. Clásica Española) |
||
| 300 |
_a57 p. ; _c25 cm. |
||
| 595 | _aPublicado en la "Revista de la Real Academia de Ciencias Exactas, Físicas y Naturales de Madrid, Tomo XVI, número primero de la segunda serie. | ||
| 852 |
_aES-MaACL _j1522-F-21 |
||
| 999 |
_c145538 _d145538 |
||